ՀՀ Գիտությունների ազգային ակադեմիայի հիմնարար գիտական գրադարան  =   Fundamental Scientific Library of NAS RA

Վիլեամ Չաննինգ : (Record no. 138205)

MARC details
000 -LEADER
fixed length control field 00865nam a2200229 a 4500
001 - CONTROL NUMBER
control field 000361117
003 - CONTROL NUMBER IDENTIFIER
control field AM-YeHGA
005 - DATE AND TIME OF LATEST TRANSACTION
control field 20250618072236.0
008 - FIXED-LENGTH DATA ELEMENTS--GENERAL INFORMATION
fixed length control field 040915s1893 aj r 000 0 arm d
040 ## - CATALOGING SOURCE
Original cataloging agency AM-YeHGA
041 1# - LANGUAGE CODE
Language code of text/sound track or separate title arm
Language code of original und
090 ## - LOCALLY ASSIGNED LC-TYPE CALL NUMBER (OCLC); LOCAL CALL NUMBER (RLIN)
-- 139580
100 1# - MAIN ENTRY--PERSONAL NAME
Personal name Պուտեատա, Ն.Ա.
245 10 - TITLE STATEMENT
Title Վիլեամ Չաննինգ :
Remainder of title Նրա կեանքը եւ գրուածները /
Statement of responsibility, etc. Ն.Ա. Պուտեատա; Թարգմ.՝ Կ.Կ. Մելիք Շահնազարեանց.
260 ## - PUBLICATION, DISTRIBUTION, ETC.
Place of publication, distribution, etc. Բագու :
Name of publisher, distributor, etc. տպ. Ս.Բ. Տէր-Յովհաննիսեանցի,
Date of publication, distribution, etc. 1893.
300 ## - PHYSICAL DESCRIPTION
Extent 196 էջ ;
Dimensions 17 սմ.
600 14 - SUBJECT ADDED ENTRY--PERSONAL NAME
Personal name Չաննինգ, Վիլեամ
650 14 - SUBJECT ADDED ENTRY--TOPICAL TERM
Topical term or geographic name entry element Փիլիսոփայություն
650 14 - SUBJECT ADDED ENTRY--TOPICAL TERM
Topical term or geographic name entry element Կրոն
700 1# - ADDED ENTRY--PERSONAL NAME
Personal name Մելիք-Շահնազարյան, Կոստանդին Կարապետի,
Dates associated with a name 1857-1940
Relator term թարգմ.
Relationship trl
9 (RLIN) 1723
942 ## - ADDED ENTRY ELEMENTS (KOHA)
Source of classification or shelving scheme Universal Decimal Classification
Koha item type Գրքեր / Books
Holdings
Withdrawn status Lost status Source of classification or shelving scheme Damaged status Not for loan Collection Home library Current library Date acquired Total checkouts Full call number Barcode Date last seen Price effective from Koha item type Public note
    Universal Decimal Classification     Agulian Individual Collection Fundamental Scientific Library Fundamental Scientific Library 22/12/2016   Agul/286 FL0080319 22/12/2016 22/12/2016 Գրքեր / Books ILL Non-Circ.


ՀՀ ԳԱԱ հիմնարար գիտական գրադարան
ՀՀ,Երևան 0019
Մարշալ Բաղրամյան 24/6
հեռախոս:(374-10) 52-47-50
Հետադարձ կապ

All site content, except where otherwise noted, is licensed under a
Creative Commons License